000 00409nam a2200169Ia 4500
003 GCL
008 140319s9999 xx 000 0 eng d
040 _aGCL /
_cGCL
082 0 4 _a746.44
_bH T
100 1 _aHUBBARD, LIZ
245 1 0 _athread painting /
_cHUBBARD, LIZ
260 _a[S.N] :
_bSEARCH PRESS ،
_c1993
300 _a32 p
650 0 4 _aNEDDLE WORKS
650 0 4 _aEMBROIDERY
942 _2ddc
_cBK
999 _c24226
_d24226